| 000 | 00354 a2200121 4500 | ||
|---|---|---|---|
| 001 | ART_12635 | ||
| 005 | 20260410161908.0 | ||
| 008 | 260409a | ||
| 245 | 1 | 0 | _aThe Case for Subsidising Extra Jobs |
| 100 | 1 | _aNickell, S. J. | |
| 700 | 1 | _aLayard, P. R. G. | |
| 773 | 0 |
_tThe Economic Journal _g- Vol. 90, NÂș 357 (mar. 1980) _wREV12512 |
|
| 999 |
_c26528 _d26528 |
||